Programa de gobierno, 1974-1978

Shranjeno v:
Bibliografske podrobnosti
Korporativna značnica: Partido Liberación Nacional (Costa Rica)
Format: Texto
Izdano: San José: Gráfica Litho-Offset
Oznake: Označite
Brez oznak, prvi označite!

MARC

LEADER 00000 a a2200000 04500
001 17749
003
040
090 |a EXTRAVIADO  
110 |a Partido Liberación Nacional (Costa Rica)  
245 |a Programa de gobierno, 1974-1978  
260 |a San José:   |b Gráfica Litho-Offset  
300 |a p. varia.  
999 |c 6602  |d 6602